1841 1670 1667 1378 1861 1758 1742 1755 1451 1301 1531 1122 1117 1843 1537 1314 1838 1671 1300 1831 1092 1142 1409 1032 1625 1462 1953 1199 1465 1878 1162 1379 1176 1504 1098 1638 1924 1024 1677 1191 1391 1459 1238 1414 1699 1704 1484 1861 1132 1137 1700 1422 1556 1956 1503 1536 1801 1238 1652 1742 1945 1212 1529 1088 1439 1893 1002 1762 1761 1792 1865 1157 1322 1704 1047 1325 1891 1420 1612 1080 1736 1189 1287 1296 1668 1310 1415 1198 1864 1711 1347 1904 1575 1657 1834 1236 1710 1306 1376 BCNSPRNW ULIB Ver.6.0+V

เปลี่ยนเป็นภาษาไทย

Change to English
 แสดงรายละเอียดบรรณานุกรม
  กลับหน้าหลัก

Brief Record : Get Marc (ISO 2709) : E-mail record : QR code < ปิดหน้าต่าง
LEADER : 00000nam 2200000uu 4500
001    13399121304
003     ULIB
008    121114s2546||||th 000 0 tha d
020    ^a9749007328
041 1  ^atha^heng
050 04 ^aPE1130^S111ว
100 1  ^aทอร์นบอรี, สก็อต
245 10 ^aวิธีสอนไวยากรณ์ = How to teach grammar /^cScott Thornbury,เขียน ; Jeremy Harmer, บรรณาธิการชุดภาษาอังกฤษ ; ส่าหรี กุลสิริสวัสดิ์, แปลและเรียบเรียง ; พงษ์ศรี เลขะวัฒนะ, บรรณาธิการชุดภาษาไทย
250    ^aพิมพ์ครั้งที่ 1
260    ^aกรุงเทพฯ :^bบริษัท เพียร์สัน เอ็ดดูเคชั่น อินโดไชน่า,^c2546
300    ^ax, 237 หน้า :^bภาพประกอบ ;^c25 ซม
505 2  ^aไวยากรณ์คืออะไร -- ทำไมจึงต้องสอนไวยากรณ์ -- วิธีสอนไวยากรณ์จากกฎ-- วิธีสอนไวยากรณ์จากตัวอย่าง -- วิธีสอนไวยากรณ์ด้วยการใช้เรื่อง -- วิธีฝึกใช้ไวยากรณ์ -- วิธีจัดการกับข้อผิดพลาดทางไวยากรณ์ -- วิธีผสมผสานไวยากรณ์ -- วิธีทดสอบไวยากรณ์ -- วิธีที่ไม่ต้องสอนไวยากรณ์
650  7 ^aภาษาอังกฤษ^xไวยากรณ์^xการศึกษาและการสอน
700 0  ^aส่าหรี กุลสิรืสวัสดิ์
700 12 ^aThornbury, Scott.^tHow to teach grammar
945    ^p430^l0^i14390
995    ^aวิภา
999 ^a ศิริพร
รายการนี้ยังไม่มีแท็ก
คุณยังไม่ได้ล็อกอิน คุณสามารถมีกิจกรรมร่วมกับเว็บไซต์ได้ แต่ต้องล็อกอินก่อน ::
  ล็อกอิน

รายการสื่อสารสนเทศ

ลำดับที่ ประเภท เลขเรียก/บาร์โค้ด สถานที่ สถานะ
1. วิทยาศาสตร์การแพทย์ และสุขภาพ
วิทยาศาสตร์การแพทย์ และสุขภาพ
PE1130^S111ว  
  Barcode: 14390
ห้องสมุดวิทยาเขตสวรรค์ประชารักษ์
►หนังสือทั่วไป
บนชั้น

รายการใกล้เคียง
    ผู้แต่ง [ทอร์นบอรี, สก็อต]

BibComment


ยังไม่เคยถูกคอมเมนท์

คอมเมนท์ทรัพยากรรายการนี้
  คอมเมนท์: วิธีสอนไวยากรณ์ ..


 Copyright 2026. Bcnsprnw @Library